Normal view
MARC view
Entry Personal Name
001 - CONTROL NUMBER
- control field: 775168
003 - CONTROL NUMBER IDENTIFIER
- control field: OSt
005 - DATE AND TIME OF LATEST TRANSACTION
- control field: 20250508163336.0
008 - FIXED-LENGTH DATA ELEMENTS
- fixed length control field: 250508|| aca||aabn | a|a d
040 ## - CATALOGING SOURCE
- Original cataloging agency: OSt
- Transcribing agency: OSt
100 ## - HEADING--PERSONAL NAME
- Personal name: Constantinos Fecadu
670 ## - SOURCE DATA FOUND
- Source citation: Work cat.: (OSt)1382431: Constantinos Fecadu, Innovation in management of primary school construction: Multi-purpose primary schools buildings in Bangladesh, 1988
